| 000 | 00388nam a2200133 i 4500 | ||
|---|---|---|---|
| 001 | bg | ||
| 100 | 1 |
_aJanasz, Władysław _d(1940- ). |
|
| 245 | 0 |
_aReprodukcja środków trwałych w przemyśle w warunkach postępu naukowo-technicznego / _cWładysław Janasz. |
|
| 260 |
_aSzczecin, _c1977. |
||
| 040 | _cBPK | ||
| 041 | _apol | ||
| 942 | _cKS | ||
| 008 | s pl f |000 0 pol | ||
| 999 |
_c27641 _d27641 |
||
| 856 |
_uhttp://koha.tu.koszalin.pl/cgi-bin/koha/opac-detail.pl?biblionumber=27641 _yKatalog online BPK |
||